000 00679nam a2200205Ia 4500
003 GCL
008 140319s9999 xx 000 0 ara d
040 _aGCL /
_cGCL
082 0 4 _a195
_bس م
100 1 _aميشيل سنييلار
245 1 0 _aالماكيافيلية وداعى المصلحة العليا /
_cميشيل سنييلار
700 1 _aاسامة الحاج
260 _a[S.N] :
_bالمؤسسة الجامعية للدراسات والنشر والتوزيع ،
_c1993
490 _a
650 0 4 _aالماكيافيلية
650 0 4 _aعلم النفس
650 0 4 _aالمصلحة الشخصية
650 0 4 _aالانانية
942 _2ddc
_cBK
999 _c55624
_d55624